Salta al contenuto
VuFind
Entra
Lingua
Slovak
English
Deutsch
Español
Français
Italiano
Português
Tutti i Campi
Titolo
Autore
Soggetto
Collocazione
ISBN/ISSN
Tag
Cerca
Avanzata
Factors of profitability of th...
Citazione
Invia SMS
Invia email
Stampa
Esporta il record
Esporta a RefWorks
Esporta a EndNoteWeb
Esporta a EndNote
Aggiungi alla lista
PLink permanente
Caricamento...
Factors of profitability of the grapes production
Salvato in:
Dettagli Bibliografici
Autore principale:
Tomšík, Pavel
Natura:
Capitolo di libro
Lingua:
inglese
Soggetti:
víno
produkcia
predaj
zisk
Česko
Tags:
Aggiungi Tag
Nessun Tag, puoi essere il primo ad aggiungerne!!
View in EUBA Opac
Posseduto
Descrizione
Commenti
Documenti analoghi
MARC21
MARC
LEADER
00000naa a2200000 4500
001
0221011
005
20221019173619.5
041
0
|a
eng
044
|a
CZ
245
1
0
|a
Factors of profitability of the grapes production
|c
Pavel Tomšík ... [et al.]
610
2
0
|a
víno
610
2
0
|a
produkcia
610
2
0
|a
predaj
610
2
0
|a
zisk
610
2
0
|a
Česko
100
1
|a
Tomšík, Pavel
Documenti analoghi
<The> factors of competitiveness and the quantification of their impact on the export efficiency of grape and wine in the Slovak Republic
di: Hambalková, Mária
Czech wine-production industry and recent movement forces
di: Žufan, Pavel
Adaptation of the Czech viniculture to the conditions of the European Union
di: Tomšík, Pavel
Zákazníci znovuobjavujú tuzemské vína
di: Hinková-Dibarborová, Andrea
<The> Level and determinants of work profitability changes in the Czech and Polish agricultural sector in the years 2004-2014
di: Golas, Zbigniew